000 00487nmm a2200169Ia 4500
008 251105s9999||||xx |||||||||||||||||und||
041 _aspa
100 _aPrieto, Graciela
245 0 _aLa salvación de Rachel :
_b Donovan Creed 3
264 _a[Madrid, España] :
_bEdiciones B,
_c2014
300 _a216 páginas
650 _aThriller & Suspense
700 _aPrieto, Graciela
700 1 _a Locke, John
856 _uhttps://public.digitaliapublishing.com/a/53905
942 _cCF
999 _c70193
_d70193